000 00363nam a2200157Ia 4500
008 090124s9999 xx 000 0 und d
082 _b130262
245 _a रॅम्बो
250 _a1
260 _c2001
300 _a175
630 _a रॅम्बो
700 _aभट अविनाश
730 _a रॅम्बो
942 _cBOOK
999 _c176351
_d176351